000 00370nam a2200121Ia 4500
008 220620s9999||||xx |||||||||||||| ||und||
245 0 _aAdvances in Object Recognition Systems
546 _aEnglish[eng]
650 _aImage processing
700 _aKypraios, Ioannis
856 _uhttps://mts.intechopen.com/storage/books/1976/authors_book/authors_book.pdf
942 _cEB
999 _c23458
_d23458